000 00471nmm a2200157Ia 4500
008 251105s9999||||xx |||||||||||||||||und||
020 _a9788416095391
041 _aspa
100 _aGarcía Gibert, Javier
245 0 _aDe la soltería : reflexiones libres sobre la vida célibe
264 _a[Madrid, España] :
_bBiblioteca Nueva,
_c2014
300 _a318 páginas
650 _aSociology
856 _uhttps://public.digitaliapublishing.com/a/27683
942 _cCF
999 _c77230
_d77230